Govt. of
Madhya Pradesh

Kerala: (Record no. 2412)

MARC details
000 -LEADER
fixed length control field 004820000a22001810004500
003 - CONTROL NUMBER IDENTIFIER
control field MACL
005 - DATE AND TIME OF LATEST TRANSACTION
control field 20151003153012.0
008 - FIXED-LENGTH DATA ELEMENTS--GENERAL INFORMATION
fixed length control field 151003b xxu||||| |||| 00| 0 eng d
040 ## - CATALOGING SOURCE
Original cataloging agency MACL
Transcribing agency MACL
041 ## - LANGUAGE CODE
Language code of text/sound track or separate title English
082 ## - DEWEY DECIMAL CLASSIFICATION NUMBER
Classification number 910/NAI
100 ## - MAIN ENTRY--PERSONAL NAME
Personal name Nair, K.R.G.
9 (RLIN) 13512
245 ## - TITLE STATEMENT
Title Kerala:
Remainder of title The Land Of Opportunities
260 ## - PUBLICATION, DISTRIBUTION, ETC. (IMPRINT)
Place of publication, distribution, etc. Delhi
Name of publisher, distributor, etc. Brijwasi Book Distributors & Publishers
Date of publication, distribution, etc. 2005
350 ## - PRICE (NR) (BK AM CF MU VM SE) [OBSOLETE]
Price 395
650 ## - SUBJECT ADDED ENTRY--TOPICAL TERM
Topical term or geographic name as entry element General Geography & Travel
9 (RLIN) 13331
942 ## - ADDED ENTRY ELEMENTS (KOHA)
Koha item type Books
Call number prefix 910
Source of classification or shelving scheme
Holdings
Withdrawn status Lost status Source of classification or shelving scheme Damaged status Not for loan Home library Current library Date acquired Cost, normal purchase price Total Checkouts Full call number Barcode Date last seen Uniform Resource Identifier Price effective from Koha item type
          MACL MACL 15/04/2015 395.00   910/NAI CRE020393 02/05/2024 2405 15/04/2015 Books